Losing their grip: (Record no. 16499)

MARC details
000 -LEADER
fixed length control field 00552nam a22001937a 4500
003 - CONTROL NUMBER IDENTIFIER
control field mut
005 - DATE AND TIME OF LATEST TRANSACTION
control field 20240606081357.0
008 - FIXED-LENGTH DATA ELEMENTS--GENERAL INFORMATION
fixed length control field 180328b xxu||||| |||| 00| 0 eng d
020 ## - INTERNATIONAL STANDARD BOOK NUMBER
International Standard Book Number 0975674633
040 ## - CATALOGING SOURCE
Transcribing agency mut
050 ## - LIBRARY OF CONGRESS CALL NUMBER
Classification number HV 6534
Item number .M6 2006
100 ## - MAIN ENTRY--PERSONAL NAME
Personal name Moles, Robert N.
245 ## - TITLE STATEMENT
Title Losing their grip:
Remainder of title the case of Henry Keogh
260 ## - PUBLICATION, DISTRIBUTION, ETC.
Place of publication, distribution, etc. Adelaide
Name of publisher, distributor, etc. Elvis Press
Date of publication, distribution, etc. 2006
600 ## - SUBJECT ADDED ENTRY--PERSONAL NAME
Personal name Keogh, Henry,
General subdivision Trials, litigation
650 ## - SUBJECT ADDED ENTRY--TOPICAL TERM
Topical term or geographic name entry element Trials, (Murder)
Geographic subdivision South Australia
650 ## - SUBJECT ADDED ENTRY--TOPICAL TERM
Topical term or geographic name entry element Murder investigation
Geographic subdivision South Australia
942 ## - ADDED ENTRY ELEMENTS (KOHA)
Source of classification or shelving scheme Library of Congress Classification
Koha item type Books
Holdings
Withdrawn status Lost status Source of classification or shelving scheme Damaged status Not for loan Home library Current library Shelving location Date acquired Source of acquisition Total checkouts Full call number Barcode Date last seen Date last checked out Price effective from Koha item type
    Library of Congress Classification     Murang'a University of Technology Library Murang'a University of Technology Library General stacks 28/03/2018 Donation-TFC 2 HV 6534 .M6 2006 014041 30/08/2024 22/09/2021 28/03/2018 Books